000 00473nam a2200181Ia 4500
008 100920s9999 xx 000 0 und d
082 _b75932
_a22 थ 68
100 _aLATHI B.P.
245 _aCOMMUNICATION SYSTEMS.
260 _bWILEY EASTERN LIMITED, PUNE.
_c1968
300 _a45
_bसाधी
365 _b65
520 _aएस.सी.
630 _aCOMMUNICATION SYSTEMS.
650 _aएस.सी.
730 _aCOMMUNICATION SYSTEMS.
942 _cBOOK
999 _c717389
_d717386